[Event "Sparkassen Chess Meeting"]
[Site "Dortmund"]
[Date "2015.07.01"]
[Round "4.2"]
[White "Meier, Georg"]
[Black "Kramnik, Vladimir"]
[Result "0-1"]
[WhiteElo "2654"]
[BlackElo "2783"]
[EventDate "2015.??.??"]
[Annotator "Bojkov,Dejan"]
[PlyCount "108"]
[Beauty "6735758629431"]
[EventType "schev"]
[EventRounds "2"]
[EventCountry "GER"]
[WhiteClock "0:01:52"]
[BlackClock "0:09:37"]

{[Annotations by GM Dejan Bojkov]} 
1.e4 e5 2.Nf3 Nc6 3.Bb5 Nf6 {Kramnik choses a different approach in the battle for the full point. He does not want to burn bridges, like Caruana did yesterday, but remains true to his positional style.} 4.O-O Nxe4 5.Re1 Nd6 6.Nxe5 {Meier's favorite line, which he last played in 2012. He also likes to play for a win without much risk.} 6...Be7 ( {Most of Meier's game featured the move} 6...Nxe5 {Here are a couple of them:} 7.Rxe5+ Be7 8.Bf1 O-O 9.Nc3 ( 9.d4 Bf6 10.Re1 Re8 11.c3 Rxe1 12.Qxe1 Nf5 13.Nd2 d5 14.Nf3 Nh4 15.Nxh4 {1/2-1/2 (15) Meier,G (2637) -Naiditsch,A (2698) Belfort 2012} ) 9...c6 10.d4 Ne8 11.d5 $1 {Meier,G (2659) -Onischuk,A (2688) Lubbock 2010} ) 7.Bf1 Nf5 8.Nf3 {White prefers to keep more pieces on the board. In case of} ( 8.c3 Nxe5 9.Rxe5 d6 10.Re1 O-O 11.d4 d5 12.Nd2 c6 {Black's defensive task is easier, Inarkiev,E (2706)-Aronian,L (2770) Sochi 2015} ) 8...d5 9.d4 O-O 10.c3 Bd6 11.Bd3 Nce7 12.Nbd2 c6 13.Nf1 {A completely symmetrical position arose which is a clear sign of equilibrium. If the players like then can bring their heavy pieces along the e-file and then outside the board, shake hands and go watch Wimbledon.} 13...g6 14.h3 $5 {A novelty. White wants to highlight the fact that the black knights and light-squared bishop compete for the same good square on f5.} ( {The only predecessor saw:} 14.Ne3 Nxe3 15.Bxe3 Bf5 16.Bh6 Re8 17.Bg5 Bxd3 18.Qxd3 Qd7 19.Bf6 Qf5 20.Qxf5 Nxf5 21.Rxe8+ Rxe8 22.Re1 Rxe1+ 23.Nxe1 {with dead equality in Kanmazalp,O (2416)-Petkov,V (2566) Cappelle la Grande 2014} ) 14...Kh8 {Preparing future regroupment of the black pieces. Kramnik is a prominent master of strategy and deep prophylactical maneuvers are quite characteristic for his style.} 15.Bd2 f6 16.Qc2 Bd7 17.b3 Rc8 {Both sides finished development. The last move is also prophylaxis against the possible c3-c4 advance (White would be very happy to grab space with c3-c4-c5 on the queenside.) Black also prepares the c6-c5 advance himself.} 18.Re2 ( {After} 18.c4 c5 $1 {is strong when the queen feels uncomfortable.} ) 18...b6 19.g4 {This was the point behind the move h2-h3 but Black has enough space to maneuver. It is a double-edged decision as it opens the long diagonal.} 19...Ng7 20.Rae1 c5 21.dxc5 bxc5 22.Qc1 {In order to make use of the open e-file Meier needs entry squares. Thus, the swap of the dark-squared bishop is his priority. For the time being White does not want to modify the pawn structure as} ( 22.c4 d4 {looks good for the second player only.} ) 22...Bc6 23.Bf4 Ng8 24.Bg3 {It is good to trade the bishops but without concessions.} ( 24.Bxd6 Qxd6 {allows the black queen too much activity.} ) 24...d4 {Kramnik opens the game.} 25.N1h2 Bxg3 26.fxg3 g5 {With the idea Qd8-d6 as} ( 26...Qd6 27.Qf4 {is OK for White.} ) 27.Be4 Bxe4 28.Rxe4 Qd6 29.Kg2 {The time trouble approaches and just like yesterday Kramnik feels that Meier hesitates and opens the game.} 29...f5 30.Re5 $1 {Centralization is almost never wrong.} ( {In comparison} 30.gxf5 Nxf5 31.Nf1 h6 {followed by Rc8-c7-f7 looks awkward for White.} ) 30...h6 31.Qd2 Rcd8 32.Qd3 ( {Also good is} 32.cxd4 cxd4 33.Qd3 f4 34.Nf1 ) 32...f4 33.Nf1 Qc6 34.cxd4 cxd4 {White repelled the aggressive black pieces and now looks better. However, time-trouble comes to haunt Georg Meier again.} ( {The flashy} 34...Rxd4 {is refuted by the no less flashy} 35.Rxc5 $1 ) 35.R1e4 {Instead White could have gained the advantage with} ( 35.R5e4 $1 {with the point that} 35...fxg3 $6 {can be answered} 36.Ne5 $1 Qb6 37.Nxg3 {with clear edge for White thanks to the weak black king and pawn on d4.} ) 35...fxg3 36.Nxg3 Nf6 37.Rxd4 Ne6 {A risky decision.} ( {Instead, Kramnik could continue} 37...Rxd4 38.Qxd4 Ne6 39.Qe3 Nd5 {with full compensation for the pawn. Say} 40.Qe4 Ndf4+ 41.Kh2 Qc1 {when sooner or later one of the sides will deliver perpetual check.} ) 38.Rxe6 {Meier misses golden chance. In the line} ( 38.Rxd8 $1 Nf4+ ( 38...Rxd8 $2 39.Rxe6 $1 {loses at once.} ) 39.Kh2 Nxd3 40.Rxf8+ Kg7 {One can easily stop his calculation as both rooks are hanging (especially with seconds on his clock). However here White had the nice move} 41.Nd4 $1 {That cements everything. After} 41...Qa6 ( 41...Qd7 42.Ne6+ ) 42.Ne6+ Kg6 43.Re2 {Black has to prove equality.} ( {Or} 43.Rf5 ) ) 38...Rxd4 39.Qxd4 {An endgame would be easier to defend.} ( 39.Rxc6 Rxd3 40.Nf5 {as} 40...Kh7 {fails to} 41.Ne5 $1 Rd2+ 42.Kf3 {with the nasty threat Rc6-c7+!} ) 39...Qxe6 40.Qxa7 Rc8 {The time scramble is over and Black has won the exchange. Still, it seems as White is very, very solid.} 41.Nf5 Qe2+ 42.Qf2 Qd3 $1 {Deep understanding of the position. White's main problem is the king's safety. If the queens disappear, like the computer suggests} ( 42...Qxf2+ 43.Kxf2 Rc2+ 44.Ke1 {Better than} ( 44.Ke3 $6 Kh7 45.a4 Rc3+ ) 44...Kh7 45.a4 Ne4 46.N5d4 {White's defensive task will become easier. All he needs to do is to swap his fouro pawns for the remaining two black ones.} ) 43.Qd4 $1 {White insists.} 43...Rc2+ 44.Kg1 Rc1+ {Of course not} ( 44...Qxd4+ $6 45.N3xd4 Rxa2 46.Nxh6 Kh7 47.Nhf5 {with h3-h4 coming soon and a draw.} ) 45.Kg2 Qc2+ 46.Kg3 ( {Not} 46.Qf2 $2 Ne4 $1 ) ( {Maybe} 46.Nd2 {is playable for a computer but you would hardly see a human being self-pinning.} ) 46...Qc7+ 47.Kg2 Rc2+ 48.Kg1 Rc6 {The position that Kramnik was heading for. Next he wants to move away the king from the pin and look for a good moment to attack with everything that he has. White's position is more than unpleasant and it is extremely funny to me to see the computer's evaluation 0.00. To find a clear-cut draw is impossible. White does not have active moves and is not sure where to hide king. On top of that a second time trouble phase started.} 49.Kf2 $6 {A step in the wrong direction.} ( {The computer suggests instead} 49.a4 Kh7 50.Kf1 {with the idea to meet} 50...Rc1+ {with} 51.Ke2 Qc2+ 52.Nd2 {Naturally, Black has other ways to play for the win.} ) 49...Kh7 50.Ke2 $2 {And this is a serious mistake. The king is not safe here!} 50...Rc2+ 51.Ke3 {A desperate move.} ( 51.Nd2 Qh2+ 52.Kd1 Rxa2 {covers all the checks.} ) 51...Rxa2 52.Qc4 Qb7 $1 53.Qe6 {The last mistake, although I suspect that Black's position should be won anyway.} 53...Nd5+ 54.Kd4 Qb4+ {And since White loses the queen, he resigned.} ( 54...Qb4+ 55.Kxd5 Qxb3+ 56.Ke5 ( 56.Kd6 Ra6+ ) 56...Re2+ ) 0-1

[Event "Sparkassen Chess Meeting"]
[Site "Dortmund"]
[Date "2015.07.05"]
[Round "7.2"]
[White "So, Wesley"]
[Black "Kramnik, Vladimir"]
[Result "1-0"]
[WhiteElo "2778"]
[BlackElo "2783"]
[EventDate "2015.??.??"]
[Annotator "Bojkov,Dejan"]
[PlyCount "151"]
[Beauty "5568425105930"]
[EventType "schev"]
[EventRounds "2"]
[EventCountry "GER"]
[WhiteClock "0:26:58"]
[BlackClock "0:02:17"]

{[Annotations by GM Dejan Bojkov]} 
1.e4 e5 2.Nf3 Nc6 3.Bb5 Nf6 {Some years ago when Vladimir Kramnik prepared the Berlin for his historical match with Garry Kasparov there was a popular story in the chess circles. Kramnik's second and guiding light in the line was GM Aleksej Aleksandrov of Belarus. His friends would regularly ask him: "Aleksey, what will happen after Garry tears your Berlin into small pieces? You will be left with no black opening?" To which he would reply "I am not even sure that the move 1.e4 will exist after the match."} 4.O-O Nxe4 5.d4 Nd6 6.Bxc6 dxc6 7.dxe5 Nf5 8.Qxd8+ Kxd8 9.h3 Ne7 10.Nc3 Bd7 ( 10...h6 11.Ne4 b6 12.b3 Bd7 13.Bb2 Kc8 14.Rad1 a5 {Caruana,F (2772)-Carlsen,M (2843) Sao Paulo/Bilbao 2012} ) ( {While Kramnik previously preferred} 10...Ng6 ) 11.Ng5 {A new move here. So tries to prove that 1.e4 still exists.} ( {In comparison, one of Aleksandrov's games saw} 11.Ne4 Ng6 12.Nfg5 Ke8 13.f4 Nh4 14.Kf2 Be7 15.Be3 h6 16.Nf3 Bf5 {Zhigalko,A (2600)-Aleksandrov,A (2617) Minsk 2010} ) 11...Ke8 12.e6 {The point behind White's play. The typical pawn sacrifice opens the road for the white rooks.} 12...Bxe6 ( {Better than} 12...fxe6 13.Re1 {when White regains the pawn at once.} ) 13.Nxe6 fxe6 14.Re1 Kf7 {For the pawn White has obvious compensation, but it is much more difficult to regain the pawn than it seems at first glance.} 15.Ne4 h6 16.Rd1 e5 {Black develops in an active way.} ( 16...Ke8 $2 {drops the pawn after} 17.Nc5 ) ( {There was another possibility} 16...Nd5 {when} 17.c4 Nf6 18.Nxf6 Kxf6 19.Bd2 {gives compensation for the pawn without much risk for White.} ( 19.Rd7 Bd6 ) ) 17.Rd7 Rc8 18.Bd2 b6 ( {Once more} 18...Ke6 $2 19.Nc5+ {is bad for Black.} ) ( {And} 18...Ke8 19.Rd3 Rd8 20.Rxd8+ Kxd8 {was possible with approximate equality after both} 21.Bc3 ( {Or} 21.Nc5 Kc8 22.Re1 Ng6 23.Nd3 Bd6 24.Bc3 Re8 ) 21...Ng6 22.Rd1+ Kc8 ) 19.Re1 {In the following stage of the game both players find optimal moves. White develops naturally and puts pressure in the center; Black carefully finishes the development of his troops.} 19...Ke6 20.Rd3 c5 21.f4 Nc6 22.Rg3 Re8 {An excellent defensive move.} 23.fxe5 ( {The point of Black's maneuver is revealed in the line} 23.Rg6+ Kd7 24.Rd1 Re6 ) 23...g5 $5 {Kramnik sacrifices a pawn back and takes the initiative. This is better than} ( 23...Nxe5 24.Bc3 ( {Similar is} 24.Nf2 Kd7 25.Bc3 Nc6 26.Rxe8 Kxe8 27.Bxg7 Bxg7 28.Rxg7 ) 24...Kd7 25.Nd2 Nc6 26.Rxe8 Kxe8 27.Bxg7 Bxg7 ( 27...Rg8 28.Re3+ ) 28.Rxg7 Kd8 {and White is better in the arising endgame.} ) 24.h4 Bg7 25.hxg5 Bxe5 26.Rf3 hxg5 27.Bxg5 ( {Simlar to the game is} 27.Nxg5+ Kd7 ) ( {while the computer suggest the curious} 27.Nf6 $5 {to take away the d7 and d5 squares from the black king, and thus win time to stop the Be5-d4 check. The game is about even after} 27...Re7 28.c3 ) 27...Bd4+ 28.Nf2+ Kd5 {Now Black enjoys some pressure although there is nothing concrete yet.} 29.Rd1 Rhg8 {If Black wants, he can force a draw with} ( 29...Ne5 30.Rf5 Rhf8 31.Rxf8 Rxf8 32.c3 Rxf2 33.cxd4 Ng4 34.dxc5+ Kxc5 35.Rd2 ) 30.Bf4 Re2 {Kramnik sacrifices a piece. Instead:} ( 30...Kc4 31.c3 Bxf2+ 32.Kxf2 Ne5 33.Bxe5 Rxe5 {was a draw.} ) 31.c3 Rxb2 32.cxd4 Nxd4 33.Be3 Rxa2 34.Rf4 Ra4 {For the piece Black has three pawns and this is usually more valuable in the endgames. Any of the three can become a queen, something that the knight is obviously not capable of. On the other hand White's forces are very active and the pawns are far from their promotional squares.} 35.Ne4 {The pin is annoying, which means that Black may have to part with one of his pawns.} 35...Kc6 36.Nc3 Ra3 37.Bxd4 cxd4 38.Ne2 d3 {This one went too far from the supporting team and will be soon leave the board.} 39.Rf3 Ra2 40.Nf4 d2 41.Kf2 b5 42.Rc3+ Kb7 43.Nd5 Rg7 44.Rb3 a6 45.Nb4 Ra4 46.Rxd2 {White won one of the pawns but the remaining started moving.} 46...c5 47.Nd5 Rd7 ( {Also good is} 47...Rag4 48.Ne3 Rf7+ 49.Ke2 ( 49.Kg1 Re4 ) 49...Re4 ) 48.Rf3 {So finds a very nice way to activate his pieces.} 48...Re4 ( {In the line} 48...Rd4 49.Rxd4 cxd4 50.Rf5 {the d-pawn gets separated from the remaining pawns. We already know what happens in similar situations.} ) 49.Rf6 $1 {Creating a strong hidden threat.} 49...Ka7 $1 {Which Kramnik avoids.} ( {For example, the natural} 49...c4 50.Rb6+ Ka7 51.Ra2 $1 {will lead to mate.} ) 50.Rd3 $1 {One more great maneuver to improve the second rook and save it from the pin.} 50...c4 ( {The rook is defended in the line} 50...Re5 51.Nb4 Rxd3 52.Nxd3 Rd5 53.Nf4 ) 51.Rh3 $1 Rd4 ( {Thanks to the active rook, the knight is untouchable} 51...Rxd5 $4 52.Rh7+ Kb8 53.Rf8+ ) 52.Nb4 R4d6 53.Rhh6 Rxf6+ 54.Rxf6 {White did great and forced his opponent into defense.} 54...Rd2+ 55.Kf3 {So's play in the endgame is perfect and his opponent starts to experience problems. But Black's resources are not over yet.} 55...a5 ( {One way to defend the position was} 55...Kb7 $5 {with the idea} 56.Nxa6 ( 56.Rxa6 $6 {will still lead to a draw but it will be White who has to find it after} 56...Rb2 57.Nd3 cxd3 58.Rd6 d2 59.Ke2 ) 56...c3 57.Nc5+ Kc7 58.Nb3 c2 ) 56.Ra6+ Kb7 57.Rxa5 {A second pawn disappears from the pawn and nevertheless, Black is still not losing.} 57...Kb6 58.Ra2 Rd7 59.Ra8 Kc5 {It is only after this move that we can say definitely that Black is in trouble. Instead Kramnik should have opted for} ( 59...Rf7+ $1 {in order to force the white king to make a decision. Since it is needed for both kingside support and to help in the fight against the passers the game should stay undecided. For example} 60.Ke3 Rg7 $1 61.Nd5+ ( {Or} 61.Kf2 Rf7+ 62.Kg1 Kc5 {and in comparison to the game the white king is far away.} ) 61...Kc5 62.Nf4 Re7+ 63.Kd2 Rd7+ 64.Kc2 b4 {Now the white king does not help the g-pawn and Black should be able to capture it in return for his two pawns at some moment.} ) 60.Nc2 $1 {White achieved the perfect queenside set-up.} 60...Rc7 61.Rf8 c3 ( 61...b4 62.Rf5+ {drops the pawn at once.} ) 62.Rf5+ Kb6 ( {Or} 62...Kc4 63.Ne3+ Kb3 ( 63...Kb4 $2 64.Nd5+ ) 64.Rxb5+ ) 63.g4 {The black pawns are stopped and the white one is faster.} 63...Ka5 64.g5 Ka4 65.Ke3 Rd7 {Nothing changes} ( 65...Re7+ 66.Kd3 Rd7+ 67.Nd4 c2 68.Rf1 ) ( {nor} 65...Kb3 66.Kd3 ) 66.g6 b4 67.Rf4 Kb3 68.Nxb4 Re7+ 69.Re4 Rg7 {The pawn endgame is lost for one tempo:} ( 69...Rxe4+ 70.Kxe4 Kxb4 71.Kd3 Kb3 72.g7 c2 73.g8=Q+ {check!} ) 70.Rg4 Re7+ 71.Kf3 Rg7 72.Nc6 Rg8 73.g7 c2 74.Nd4+ Kc4 75.Nxc2+ Kd5 76.Rg6 {A great achievement for Wesley So who managed to outplay Vladimir Kramnik on his own territory!} 1-0

[Event "Russian Championship Superfinal"]
[Site "?"]
[Date "2015.08.10"]
[Round "2.5"]
[White "Khismatullin, Denis"]
[Black "Tomashevsky, Evgeny"]
[Result "0-1"]
[WhiteElo "2642"]
[BlackElo "2747"]
[EventDate "2015.??.??"]
[Annotator "Bojkov,Dejan"]
[PlyCount "80"]
[Beauty "7629472537609"]
[EventType "team-tourn"]
[WhiteClock "0:30:49"]
[BlackClock "0:32:07"]

{[Annotations by GM Dejan Bojkov]} 
1.c4 Nf6 2.Nc3 e5 3.Nf3 Nc6 4.g3 Bb4 {To the reversed Sicilian Black replies with reversed Rossolimo.} 5.Bg2 O-O 6.O-O e4 7.Ng5 Bxc3 8.bxc3 Re8 9.f3 {This is one of the main lines in the English opening, which was heavily investigated after Garry Kasparov used it against his great rival Anatoly Karpov in their match in Sevilla 1987.} 9...exf3 10.Nxf3 Qe7 11.e3 Ne5 12.Nd4 {Tomashevsky spent most of his time on this principled move. In another recent top level game White achieved nothing after:} ( 12.Nxe5 Qxe5 13.Rb1 Rb8 14.Rb5 Qe7 15.d3 d6 16.e4 Bg4 $1 {and decided to call it a day after} 17.Bf3 Bh3 18.Bg2 Bg4 19.Bf3 Bh3 20.Bg2 {1/2-1/2 (20) Aronian,L (2780)-Anand,V (2804) Stavanger 2015} ) 12...d6 13.d3 c5 {Better than} ( 13...Bg4 14.Qc2 c5 {to which Tomashevsky was afraid of the positional exchange sacrifice after} 15.Nf5 Bxf5 16.Rxf5 d5 17.cxd5 c4 18.d4 Nd3 19.Bd2 Ne4 20.Re5 $1 ) 14.Nf5 Bxf5 15.Rxf5 d5 {A novelty and the start of superb opening preparation by the former European champion. Previously only:} ( 15...Rab8 {was tried, for example} 16.a4 a6 17.e4 Nfd7 18.Rb1 Qd8 19.d4 {with pressure for White in Maletin,P (2598)-Gabrielian,A (2545) Dombai 2013} ) 16.cxd5 c4 $1 {The point. Black destroys the compact pawn structure of the opponent and intends to fill in the gaps with a couple of nasty knights.} 17.d4 ( {Another possibility is} 17.dxc4 {which is a draw according to Tomashevsky after} 17...Nxc4 18.Qd3 Nxe3 19.d6 Rad8 $1 20.Qxe3 Qxe3+ 21.Bxe3 Rxe3 22.Rd1 b6 ) 17...Nd3 18.Rxf6 {Tempting, but objectively speaking a mistake as now it will be only Black who will play for a win. Surprisingly, Tomashevsky called his opening idea "semi-bluff" in the post-mortem. He revealed what he was afraid of:} ( 18.Bd2 {This is the most obvious move but not many players would play it as after} 18...Ne4 {with the idea Ne4-d6 and f7-f5. Black has a perfect light-squared blockade and the bishop on d2 tends to level itself to a pawn. However, if we continue the line with} 19.Bxe4 Qxe4 20.Qf3 Qxf3 21.Rxf3 Rad8 22.Rb1 $1 {It appears that White is just in time to create threats. Then what might follow is} 22...b6 23.Rb5 Rd6 24.a4 a6 {all of this was on Tomashevsky's board (or rather computer) in the morning preparation and he dismissed the line with the words "with many more interesting things happening afterwards"...} ) 18...Qxf6 19.Qe2 Nxc1 {Black spent about thirty minutes here calculating the many tempting options. He felt that the best move should be} ( 19...Qb6 {with the idea to control the b2 square in some of the lines, as well as to stop the white central pawns from advancing. A logical continuation now would be} 20.e4 f5 21.d6 {After} ( {Not} 21.e5 $2 Rxe5 ) 21...Qxd6 ( 21...fxe4 22.d7 Red8 {looks messy indeed.} ) ( {But Black missed the strong move} 21...Rad8 $1 22.Bd2 fxe4 {with big advantage.} ) 22.e5 {and White has compensation for the exchange.} ) 20.Rxc1 Qg5 21.Re1 Rad8 22.e4 $1 {A good practical decision. White temporarily sacrifices a pawn but grabs space with his central pawns and increases the power of the bishop.} ( {In case of} 22.Qf2 Qe7 {White will have difficulties in moving forward} 23.e4 $6 Rxd5 ) 22...Rxd5 23.e5 Rd7 24.Qxc4 g6 ( {Also tempting was} 24...Qd2 {at first and only after} 25.Rf1 g6 {with similar ideas as in the game.} ) 25.Qe2 $1 ( {Tomashevsky considered only} 25.Rf1 {with the idea to cement the position with Rf1-f4, to which strong is the regroupment} 25...Qe3+ 26.Kh1 Ree7 {Now it is obvious why g7-g6 was useful, Black had secured his king. Next he will play Rd7-c7 and will start picking up the white pawns.} ) 25...Qd8 26.Bh3 {It should be also noted that as usual Khismatullin was in time-trouble.} ( {In case of the natural} 26.d5 {Black would have happily transormed the advantages with} 26...Rxd5 $1 27.Bxd5 Qxd5 {when White has weak king and ugly pawns.} ) ( {Also if} 26.Rf1 Qa5 {Black will start revealing the potential of his position.} ) 26...Rde7 {A safe choice. There is no need to calculate the complications after} ( 26...Rc7 27.e6 Rxc3 28.Qe5 {the move which Black did not like, but it seems as he should win after} ( 28.d5 $5 {might be in fact better as the pawn is untouchable} 28...Qxd5 $4 29.exf7+ ) 28...f6 $1 {for example} 29.Qe4 f5 30.Qe5 Rd3 ) 27.Qf2 ( {Here} 27.e6 {leads White nowhere} 27...fxe6 28.Qe5 Qd5 ) 27...b5 28.Bg4 {In the time trouble Khismatulin tries to play active, but this leads to a quick disaster. Passive defense} ( 28.a3 Qa5 29.Qb2 Rc7 30.Re3 {was called for, although it is questionable if White can survive this. Still, if he manages to swap off the queenside pawns of the opponent he might do well and create a kingside fortress in the possible bishop versus rook endgame.} ) 28...Rc7 29.Qd2 {Makes things easier for Black.} ( {Or} 29.Rf1 Qd5 {and Black will prepare the b5-b4 break soon.} ( 29...Ree7 $5 ) ) 29...b4 $1 {Now the white pawn phalanx collapses and the rooks dominate.} 30.cxb4 Rc4 31.Re4 Qb6 32.Bd7 Re7 ( 32...Qb7 $1 {was faster} 33.Bxe8 Qxe4 ) 33.Ba4 Qxb4 {A wise, practical decision. Once more, Tomashevsky deprives his opponent of any tactical resources, possible after} ( 33...Rxb4 34.Bb3 a5 35.Rh4 Rxe5 ( 35...h5 $1 {though would have won as well.} ) 36.Qh6 Rh5 {Black might be better here, but why to calculate all of these?} ) 34.Qxb4 Rxb4 35.Bb3 a5 36.Kf2 a4 37.Bd5 Rc7 $1 {Not only graps the open file, but prepares a clever trap for the bishop.} ( {Black needs to be careful still} 37...Rd7 $2 {would lead to a draw after} 38.e6 Rxd5 39.e7 ) 38.Ke3 ( {Now} 38.e6 fxe6 39.Rxe6 Kg7 {is a technically won position for Black.} ) 38...Rb5 39.e6 Kf8 $1 40.Ba8 Ra5 {The bishop is imprisoned!} 0-1